Tipos de Triângulo - Statistics

Estatísticas Gerais
  • Esse quiz foi jogado 44 vezes
  • A pontuação média é 7 de 10
Estatísticas das Respostas
Questão Resposta % Correto
Um triângulo em que um dos ângulos internos mede mais de 90 graus é chamado de: Triângulo obtuso
100%
Um triângulo em que todos os ângulos internos medem menos de 90 graus é chamado de: Triângulo agudo
80%
Um triângulo que não possui área é chamado de: Triângulo degenerado
80%
Qual é o tipo de triângulo que possui todos os lados de comprimentos iguais? Triângulo equilátero
80%
Qual é o tipo de triângulo em que todos os lados possuem comprimentos diferentes? Triângulo escaleno
80%
Um triângulo que possui dois lados de comprimentos iguais é chamado de: Triângulo isósceles
80%
Qual é o tipo de triângulo que possui um ângulo interno medindo exatamente 90 graus? Triângulo retângulo
80%
Qual é o tipo de triângulo em que os três ângulos internos são menores que 180 graus? Triângulo convexo
40%
Qual é o tipo de triângulo que possui um lado mais longo do que a soma dos outros dois lados? Triângulo obtusângulo
40%
Um triângulo que possui todos os ângulos internos maiores que 90 graus é chamado de: Triângulo acutângulo
0%
Nenhum quiz correspondente encontrado
Distribuição das Pontuações
Porcentagem de Pessoas com Cada Pontuação
Percentil de Números Respondidos
Sua Pontuação Histórica
Você não jogou esse quiz